• 首页
  • 本馆介绍
  • 公告通知
  • 最新文献
  • 馆藏检索
  • 电子资源
  • 读者导购
  • 参考咨询
  • 我的图书馆
  • 登录
  • 详细信息显示
  • 放入我的书架
  • 预约/预借图书
  • 作者相关作品
  • 分类相关作品
  • 丛书相关作品
  • 出版社相关作品

书目信息

  • 表格格式
  • 工作单格式
  • 卡片格式
题名:
直拉单晶硅工艺技术
    
 
作者: 黄有志 , 王丽 主编
分册:  
出版信息: 北京   化学工业出版社  2017
页数: 130页
开本: 26cm
丛书名: 太阳能光伏产业—硅材料系列教材
单 册:
中图分类: TN304.105.3
科图分类:
主题词: 半导体材料--ban dao ti cai liao--直拉硅单晶--生产工艺--教材
电子资源:
ISBN: 978-7-122-29885-0
000 01113nam 2200301 450
001 012001000851
005 20191108084103.03
010    @a978-7-122-29885-0@dCNY28.00
099    @aCAL 012017125593
100    @a20170905d2017 em y0chiy50 ea
101 0  @achi
102    @aCN@b110000
105    @aak a 000yy
106    @ar
200 1  @a直拉单晶硅工艺技术@Azhi la dan jing gui gong yi ji shu@f黄有志, 王丽主编
205    @a第2版
210    @a北京@c化学工业出版社@d2017
215    @a130页@c图@d26cm
225 2  @a太阳能光伏产业—硅材料系列教材@Atai yang neng guang fu chan ye— gui cai liao xi lie jiao cai
320    @a有书目
330    @a本书主要内容包括:单晶炉的基本知识、直拉单晶炉、直拉单晶炉的热系统及热场、晶体生长控制器、直拉单晶炉生长技术、铸锭多晶硅工艺、掺杂技术等。
410  0 @12001 @a太阳能光伏产业—硅材料系列教材
606 0  @a半导体材料@Aban dao ti cai liao@x直拉硅单晶@x生产工艺@j教材
690    @aTN304.105.3@v5
701  0 @a黄有志@Ahuang you zhi@4主编
701  0 @a王丽@Awang li@4主编
801  0 @aCN@b北京卓展文化@c20191020
905    @b1196959-62@dTN304.105.3@e74=2@f4
    
    直拉单晶硅工艺技术/黄有志, 王丽主编.-第2版.-北京:化学工业出版社,2017
    130页:图;26cm.-(太阳能光伏产业—硅材料系列教材)
    
    
    ISBN 978-7-122-29885-0:CNY28.00
    本书主要内容包括:单晶炉的基本知识、直拉单晶炉、直拉单晶炉的热系统及热场、晶体生长控制器、直拉单晶炉生长技术、铸锭多晶硅工艺、掺杂技术等。
●
相关链接 在E读中查询图书 在五车中查询图书 在当当中查询图书 在豆瓣中查询图书


正题名:直拉单晶硅工艺技术     索取号:TN304.105.3/74=2         预约/预借

序号 登录号 条形码 馆藏地/架位号 状态 备注
1 1196959   211969592   第二样本阅览室/ [索取号:TN304.105.3/74=2] 在馆    
2 1196960   211969609   第三借阅区/ [索取号:TN304.105.3/74=2] 在馆    
3 1196961   211969618   第三借阅区/ [索取号:TN304.105.3/74=2] 在馆    
4 1196962   211969627   第三借阅区/ [索取号:TN304.105.3/74=2] 在馆    
唐山师范学院图书馆 欢迎您!
大连网信软件有限公司© 版权所有